| 000 | 00779nam a22002535a 4500 | ||
|---|---|---|---|
| 005 | 20160229110355.0 | ||
| 008 | 160229r20122008ii a frb 001 0 eng d | ||
| 020 | _a9780070648159 | ||
| 020 | _a0070648158 | ||
| 040 |
_aEG-ScBUE _beng _cEG-ScBUE _dEG-ScBUE |
||
| 082 | 0 | 4 |
_222 _a621.3121 _bNAG |
| 100 | 1 |
_aNag, P. K. _939459 |
|
| 245 | 1 | 0 |
_aPower plant engineering / _cP. K. Nag. |
| 250 | _a3rd ed., Reprint ed. | ||
| 260 |
_aNew Delhi : _bTata McGraw-Hill Education Private Limited, _c2012. |
||
| 300 |
_axii, 973 p. : _bill. ; _c24 cm. |
||
| 500 | _aReprinted of 2008 ed. | ||
| 500 | _aIndex : p. 966-973. | ||
| 504 | _aIncludes bibliographical references. | ||
| 650 | 7 |
_2BUEsh _939215 _aPower-plants. |
|
| 651 | _2BUEsh | ||
| 653 |
_bENGGEN _cFebruary2016 |
||
| 942 | _2ddc | ||
| 999 |
_c21275 _d21247 |
||